00763nam a22002297a 4500999001900000005001700019010001500036020002600051035001400077037001300091082001200104100002000116245007900136260003500215270005700250300002300307700002000330700001500350700001800365942002600383952012400409 c169303d16930320191114130144.0 aENG-126895 a9789383166275c825.00 aEN-110427 bDBAD/PUB a305.094 aDubet, Francois aThe experience of discrimination in France /cby Francois Dubet...[et. al] aNew DelhibEsha Bereillec2019 aSocial Science Press, 69 Jor BaghbNew Delhie110003 axi;310p.c22cm(Hb) aCousin, Olivier aMace, Eric aRui, Sandrine 2ddccENh305.094mTHE 001040708NFICaZLSbZLSd2019-11-14eDBAD/PUBg825.00l0o305.094 THEpEN-110427r2019-11-14 00:00:00t1v825.00yEN